Mi londres / (Registro nro. 266616)

Detalles MARC
000 -LEADER
fixed length control field 01827nam a2200481Ii 4500
001 - CONTROL NUMBER
control field DIGGATOP0006
003 - CONTROL NUMBER IDENTIFIER
control field NyNyDIG
006 - FIXED-LENGTH DATA ELEMENTS--ADDITIONAL MATERIAL CHARACTERISTICS
fixed length control field m o d
007 - PHYSICAL DESCRIPTION FIXED FIELD--GENERAL INFORMATION
fixed length control field cr |||||||||||
008 - FIXED-LENGTH DATA ELEMENTS--GENERAL INFORMATION
fixed length control field 240202s2015 sp o 000 0aspa d
035 ## - SYSTEM CONTROL NUMBER
System control number (OCoLC)1422054603
040 ## - CATALOGING SOURCE
Original cataloging agency DGITA
Language of cataloging eng
Description conventions rda
-- pn
Transcribing agency DGITA
020 ## - INTERNATIONAL STANDARD BOOK NUMBER
International Standard Book Number 9788417109042
Qualifying information eBook
020 ## - INTERNATIONAL STANDARD BOOK NUMBER
Canceled/invalid ISBN 9788494426346
041 1# - LANGUAGE CODE
Language code of text/sound track or separate title spa
Language code of original ita
043 ## - GEOGRAPHIC AREA CODE
Geographic area code e-uk-en
050 14 - LIBRARY OF CONGRESS CALL NUMBER
Classification number PQ4861.G567 ebook
082 04 - DEWEY DECIMAL CLASSIFICATION NUMBER
Classification number 853.914
Edition number 23
100 1# - MAIN ENTRY--PERSONAL NAME
Personal name Agnello Hornby, Simonetta,
Relator term author.
240 10 - UNIFORM TITLE
Uniform title Mia Londra.
Language of a work Spanish
Version (Clavel)
245 10 - TITLE STATEMENT
Title Mi londres /
Statement of responsibility, etc. Simonetta Agnello Hornby ; traducción de Teresa Clavel.
250 ## - EDITION STATEMENT
Edition statement Primera edición.
264 #1 - PRODUCTION, PUBLICATION, DISTRIBUTION, MANUFACTURE, AND COPYRIGHT NOTICE
Place of production, publication, distribution, manufacture Barcelona :
Name of producer, publisher, distributor, manufacturer gatopardo ediciones,
Date of production, publication, distribution, manufacture, or copyright notice [2015]
300 ## - PHYSICAL DESCRIPTION
Extent 1 online resource.
336 ## - CONTENT TYPE
Content type term text
Content type code txt
Source rdacontent
337 ## - MEDIA TYPE
Media type term computer
Media type code c
Source rdamedia
338 ## - CARRIER TYPE
Carrier type term online resource
Carrier type code cr
Source rdacarrier
347 ## - DIGITAL FILE CHARACTERISTICS
File type text file
Source rdaft
347 ## - DIGITAL FILE CHARACTERISTICS
Encoding format PDF
588 0# - SOURCE OF DESCRIPTION NOTE
Source of description note Online resource; title from ePub title page (Digitalia, viewed February 2, 2024)
600 10 - SUBJECT ADDED ENTRY--PERSONAL NAME
Personal name Agnello Hornby, Simonetta.
651 #0 - SUBJECT ADDED ENTRY--GEOGRAPHIC NAME
Geographic name London (England)
General subdivision Description and travel.
650 #0 - SUBJECT ADDED ENTRY--TOPICAL TERM
Topical term or geographic name entry element Authors, Italian
Chronological subdivision 20th century
Form subdivision Biography.
650 #0 - SUBJECT ADDED ENTRY--TOPICAL TERM
Topical term or geographic name entry element Authors, Italian
Chronological subdivision 21st century
Form subdivision Biography.
700 1# - ADDED ENTRY--PERSONAL NAME
Personal name Clavel, Teresa,
Relator term translator.
700 1# - ADDED ENTRY--PERSONAL NAME
Relationship information Translation of:
Personal name Agnello Hornby, Simonetta.
Title of a work Mia Londra.
791 2# -
-- Digitalia (Firm),
-- distributor.
793 0# -
-- Digitalia eBook Collection:
-- Gatopardo Ediciones
776 08 - ADDITIONAL PHYSICAL FORM ENTRY
Relationship information Print version:
Main entry heading Agnello Hornby, Simonetta.
Uniform title Mia Londra. Spanish (Clavel).
Title Mi londres.
Edition Primera edición.
Place, publisher, and date of publication Barcelona : gatopardo ediciones, [2015]
International Standard Book Number 9788494426346
856 40 - ELECTRONIC LOCATION AND ACCESS
Materials specified Digitalia Hispánica
Uniform Resource Identifier <a href="https://www.digitaliapublishing.com/a/85533/">https://www.digitaliapublishing.com/a/85533/</a>
910 ## - USER-OPTION DATA (OCLC)
User-option data Premium collection: 2024
942 ## - ADDED ENTRY ELEMENTS (KOHA)
Koha item type Recurso Electrónico
Existencias
Withdrawn status Lost status Damaged status Not for loan Collection Home library Current library Date acquired Total checkouts Date last seen Price effective from Koha item type
        Digitalia Ebooks Hispanica Biblioteca Digital UIN Biblioteca Digital UIN 04/25/2025   04/25/2025 04/25/2025 Recurso Electrónico

CONTACTO


NOSOTROS


SITIOS DE INTERES

coordinacion.biblioteca.biblioteca@unienlinea.mx Misión, Visión y Objetivos Bases de datos
Directorio Bibliotecas Digitales y Repositorios
Normatividad Revistas y artículos
Convenios interbibliotecarios
Boletines



Hecho en México. Universidad Insurgentes (UIN). Todos los derechos reservados 2024. Esta página y sus contenidos pueden ser reproducidos con fines no lucrativos, siempre y cuando no se mutile, se cite la fuente completa y su dirección electrónicas. De otra forma requiere permiso previo por escrito de la institución




2024 Copyright Universidad Insurgentes | www.bibliouin.com.mx